00467nam a2200181Ii 45000010005000000030009000050080041000140400033000550410008000880840012000961000016001082450032001242640036001563000012001923360026002043370028002303380027002587731CO-ViMGA241108s9999||||xx |||||||||||||| ||und|| aCO-ViMGAbspaerdacCO-ViMGA0 aspa aN VER2h1 aJulio Verne10aLas historias de Cabidoulin 1aMadrid, España : Molino, 1968 avolumen atextbtxt2rdacontent aunmediatedbn2rdamedia avolumebnc2rdacarrier